Best Selling Smartphone Brands 2025 - Statistics

General Stats
  • This quiz has been taken 58 times
  • The average score is 6 of 13
Answer Stats
Market Share Company % Correct
25.7% Apple
100%
20.9% Samsung
96%
2.4% Huawei
74%
3% Google
65%
10.8% Xiaomi
63%
3.1% Motorola (?!)
57%
5.9% Oppo
41%
6.7% Vivo
41%
1.6% OnePlus
35%
4.6% Realme
26%
1% Honor
20%
1.7% Infinix
11%
1.3% Tecno
6%
No matching quizzes found
Score Distribution
Percent of People with Each Score
Percentile by Number Answered
Your Score History
You have not taken this quiz